Skip to main content
Your cart is empty.
Your lists
Log in to create your own lists
Your cookies
العربية
English
العربية
Home
Search
Advanced search
Authority search
About
The noble scholar, jurist, historian
His Excellency Dr. Abdul Wahhab bin Ibrahim Abu Sulaiman, may Allah have mercy on him.
He was born in Umm Al-Qura in the year 1356 AH.
Library catalog
Title
Author
Subject
ISBN
ISSN
Series
Call number
Log in to your account
×
Login:
Password:
Home
MARC view: الفقه العماني والمقاصد الشرعية :
Normal view
MARC view
ISBD view
الفقه العماني والمقاصد الشرعية : (Record no. 4984)
[
view plain
]
MARC details
000 -LEADER
fixed length control field
01577cam a22003011i 4500
003 - CONTROL NUMBER IDENTIFIER
control field
SA-RiAUC
005 - DATE AND TIME OF LATEST TRANSACTION
control field
20250119135721.0
008 - FIXED-LENGTH DATA ELEMENTS--GENERAL INFORMATION
fixed length control field
250106s2008 mk f b f100 0 ara c
040 ## - CATALOGING SOURCE
Original cataloging agency
SA-JeALM
Language of cataloging
ara
Transcribing agency
SA-RiAUC
Description conventions
rda
043 ## - GEOGRAPHIC AREA CODE
Geographic area code
a-mk---
050 04 - LIBRARY OF CONGRESS CALL NUMBER
Item number
. N326 2006
082 04 - DEWEY DECIMAL CLASSIFICATION NUMBER
Classification number
250.9534
Assigning agency
SA-RiAUC
090 ## - LOCALLY ASSIGNED LC-TYPE CALL NUMBER (OCLC); LOCAL CALL NUMBER (RLIN)
Classification number (OCLC) (R) ; Classification number, CALL (RLIN) (NR)
250.9534
Local cutter number (OCLC) ; Book number/undivided call number, CALL (RLIN)
ن د و
111 2# - MAIN ENTRY--MEETING NAME
Meeting name or jurisdiction name as entry element
ندوة تطور العلوم الفقهية في عمان
Number of part/section/meeting
(5 :
Date of meeting or treaty signing
2006 :
Location of meeting
مسقط)
245 12 - TITLE STATEMENT
Title
الفقه العماني والمقاصد الشرعية :
Remainder of title
بحوث ندوة تطور العلوم الفقهية في عمان من القرن السابع إلى العاشر للهجرة /
Statement of responsibility, etc.
وزارة الأوقاف والشؤون الدينية ؛ مراجعة وتنسيق سليمان بن إبراهيم بابزيز الوارجلاني.
250 ## - EDITION STATEMENT
Edition statement
الطبعة الأولى.
264 #1 - PRODUCTION, PUBLICATION, DISTRIBUTION, MANUFACTURE, AND COPYRIGHT NOTICE
Place of production, publication, distribution, manufacture
مسقط :
Name of producer, publisher, distributor, manufacturer
وزارة الأوقاف والشؤون الدينية،
Date of production, publication, distribution, manufacture, or copyright notice
2007
300 ## - PHYSICAL DESCRIPTION
Extent
611 صفحة ؛
Dimensions
24 سم
336 ## - CONTENT TYPE
Content type term
نص
Content type code
txt
Source
rdacontent
Materials specified
كتاب
337 ## - MEDIA TYPE
Media type term
بدون وسيط
Media type code
n
Source
rdamedia
338 ## - CARRIER TYPE
Carrier type term
مجلد
Carrier type code
nc
Source
rdacarrier
504 ## - BIBLIOGRAPHY, ETC. NOTE
Bibliography, etc. note
يشتمل على إرجاعات ببليوجرافية.
650 #7 - SUBJECT ADDED ENTRY--TOPICAL TERM
Topical term or geographic name entry element
الفقه الإسلامي
Geographic subdivision
عمان (سلطنة)
General subdivision
تاريخ
Chronological subdivision
قرون 13-16
Form subdivision
مؤتمرات
Source of heading or term
aucsh
700 1# - ADDED ENTRY--PERSONAL NAME
Personal name
الوارجلاني، سليمان بن إبراهيم
Relator term
مراجع.
710 1# - ADDED ENTRY--CORPORATE NAME
Corporate name or jurisdiction name as entry element
عمان (سلطنة).
Subordinate unit
وزارة الأوقاف والشؤون الدينية
Relator term
منظم.
942 ## - ADDED ENTRY ELEMENTS (KOHA)
Source of classification or shelving scheme
Dewey Decimal Classification
Koha item type
Books
Suppress in OPAC
No
949 ## - LOCAL PROCESSING INFORMATION (OCLC)
a
SA-JeALM
d
250106
u
mohamedma123
n
1
Holdings
Withdrawn status
Lost status
Source of classification or shelving scheme
Damaged status
Not for loan
Home library
Current library
Date acquired
Total checkouts
Full call number
Barcode
Date last seen
Price effective from
Koha item type
Dewey Decimal Classification
DR AbdElwahab Library
DR AbdElwahab Library
01/19/2025
250.9534 ن د و
000007897
01/19/2025
01/19/2025
Books
Place hold
Print
Add to your cart
(remove)
Save record
BIBTEX
Dublin Core
MARCXML
MARC (non-Unicode/MARC-8)
MARC (Unicode/UTF-8)
MARC (Unicode/UTF-8, Standard)
MODS (XML)
RIS
ISBD
More searches
Search for this title in:
Other Libraries (WorldCat)
Other Databases (Google Scholar)
Online Stores (Bookfinder.com)
Open Library (openlibrary.org)
Exporting to Dublin Core...
×
Simple DC-RDF
OAI-DC
SRW-DC